| 000 | 00442cam a2200169ua 4500 | ||
|---|---|---|---|
| 020 | _c320.00 | ||
| 041 |
_aeng _h |
||
| 082 |
_a620.3 _bRAM/ME |
||
| 100 | _aRamamurti, V . | ||
| 245 |
_aMechanical vibration practice and noise control / _cV.Ramamurti. _hTextual Documents |
||
| 260 |
_aChennai : _bNarosa Publishing House , _c2008. |
||
| 300 | _a430 ; . | ||
| 365 | _a320.00 | ||
| 504 | _a | ||
| 942 | _cBK | ||
| 999 |
_c13454 _d13454 |
||